Statistiques concernant Quiz Cyrano de Bergerac

Cliquez ici pour prendre le quiz!

Statistiques générales

  • Ce quiz a été pris 193 fois
  • Le résultat moyen est 6 sur 18

Statistiques - réponses

QuestionsRéponses% Correct
La partie du visage la plus célèbre de CyranoLe nez
82%
Le pays où se déroule l’intrigueLa France
68%
Le nombre d’actes de la pièce de théâtre5
60%
La date de la première représentation de Cyrano de Bergerac27 décembre 1897
46%
Le nom du confident de CyranoLe Bret
44%
Le nom du personnage comédien que Cyrano détesteMontfleury
40%
Le nom complet de ChristianBaron Christian de Neuvillette
37%
Le nom du personnage auquel est adressée la tirade du nezLe vicomte de Valvert
32%
Le siècle où se déroule l’intrigueXVII° siècle
28%
Le personnage historique que Cyrano croiseD’Artagnan
27%
Le nom de l’ami ivrogne que Cyrano défend contre cent personnes (acte I)Lignière
25%
Le nom complet de CyranoHercule-Savinien de Cyrano de Bergerac
21%
Le nom de la porte où Cyrano défend l’un de ses amis contre cent personnes (acte I)La porte de Nesle
21%
Le premier acteur à avoir joué CyranoBenoît Constant Coquelin
17%
Le vrai nom de RoxaneMagdelaine Robin
17%
Le nombre total de scènes de la pièce de théâtre48
15%
Le personnage historique qui est évoqué dans la pièceLe Cardinal de Richelieu
14%
Année de naissance et de mort du dramaturge1868-1918
11%

Distribution des résultats

Percentile par nombre de réponses

% des personnes avec chaque résultat

Votre développement - résultats

Vous n’avez pas pris ce quiz